| 000 | 00717nam a22002417a 4500 | ||
|---|---|---|---|
| 999 |
_c13731 _d13731 |
||
| 003 | AR-CdUCM | ||
| 008 | 190416b ||||| |||| 00| 0 spa d | ||
| 040 |
_aMUNICIPALIDAD PROVINCIAL DEL CUSCO _cBIBLIOTECA MUNICIPAL DEL CUSCO |
||
| 041 | _hger | ||
| 082 |
_aES / 373.838 / _bK15 |
||
| 100 |
_aKafka, Franz _990 |
||
| 245 |
_aLa muralla china : _bCuentos, relatos, y otros escritos / |
||
| 260 |
_aBuenos Aires : _bEmece editores, _c1953. |
||
| 300 |
_a284 paginas ; _c18 cm. |
||
| 500 | _aCuentos y relatos | ||
| 650 |
_aCuentos _9217 |
||
| 650 |
_aRelatos _9195 |
||
| 650 |
_aEscritos _9215 |
||
| 650 |
_aLiteratura _983 |
||
| 700 |
_aGide, André _923876 |
||
| 942 |
_2ddc _cLIBROS |
||
| 945 |
_apjha _d2019-04-15 |
||